Normal view
MARC view
Entry Personal Name
001 - CONTROL NUMBER
- control field: 15526
003 - CONTROL NUMBER IDENTIFIER
- control field: ARRUPE
005 - DATE AND TIME OF LATEST TRANSACTION
- control field: 20150225121410.0
008 - FIXED-LENGTH DATA ELEMENTS
- fixed length control field: 150225|| aca||aabn | a|a d
040 ## - CATALOGING SOURCE
- Original cataloging agency: ARRUPE
- Transcribing agency: ARRUPE
100 ## - HEADING--PERSONAL NAME
- Personal name: Mpofu, Elias.
670 ## - SOURCE DATA FOUND
- Source citation: Work cat.: (ARRUPE)0: Mpofu, Elias., The labour history of South Africa in source materials (1806-1940) /, 2004.